| 000 | 00338nam a2200133Ia 4500 | ||
|---|---|---|---|
| 008 | 150201s2000 xx 000 0 und d | ||
| 082 |
_a615 _bE00C |
||
| 100 | _aCAIRNS,DONALD | ||
| 245 | _aESSENTIALS PHARMACEUTICAL CHEMISTRY | ||
| 250 | _a3RD | ||
| 260 |
_bPHARMACEUTICAL PRESS _aLONDON _c2000 |
||
| 650 | _aPHARMACOLOGY | ||
| 942 |
_2ddc _cBK |
||
| 999 |
_c1193 _d1193 |
||